[Event "Maikop University"]
[Site "Maikop"]
[Date "1998.06.04"]
[Round "4"]
[White "Rashkovsky Nukhim N"]
[Black "Dokutchaev A"]
[Result "1/2-1/2"]
[WhiteElo "2505"]
[BlackElo "2425"]
[PlyCount "114"]
[EventDate "1998.06.01"]

1. d4 d5 2. Nf3 e6 3. c4 dxc4 4. e3 c5 5. Bxc4 a6 6. O-O Nf6 7. a4 Nc6 8. Qe2
Qc7 9. Nc3 Bd6 10. h3 O-O 11. Rd1 b6 12. Bd2 Bb7 13. Rac1 Rfd8 14. Ba2 Rac8 15.
Bb1 Qb8 16. Ne4 Nxe4 17. Bxe4 cxd4 18. exd4 Ne7 19. Ng5 Bxe4 20. Qxe4 Ng6 21.
Rxc8 Qxc8 22. Rc1 Qd7 23. Qc6 Be7 24. Nf3 Qxc6 25. Rxc6 Rb8 26. Ne5 Nxe5 27.
dxe5 Kf8 28. Rc7 Ke8 29. Kf1 a5 30. Bc3 b5 31. b3 bxa4 32. bxa4 Bb4 33. Bd4 Rd8
34. Rc4 Rd5 35. Ke2 Kd7 36. f4 Be7 37. g4 g5 38. f5 Bd8 39. Kf3 Bc7 40. Ke4 h6
41. Rc2 Bd8 42. Rb2 Be7 43. Ra2 Bd8 44. h4 Be7 45. f6 Bb4 46. hxg5 hxg5 47. Rh2
Bc5 48. Bxc5 Rxc5 49. Rh7 Rc4+ 50. Kd3 Rxg4 51. Rxf7+ Kc6 52. Rf8 Rf4 53. Rd8
g4 54. Ke3 Rf1 55. Rd6+ Kc5 56. Rd2 g3 57. Rg2 Kd5 1/2-1/2

[Event "Maikop University"]
[Site "Maikop"]
[Date "1998.06.04"]
[Round "4"]
[White "Shariyazdanov Andrey"]
[Black "Zarubin Pavel"]
[Result "1-0"]
[WhiteElo "2495"]
[BlackElo "2445"]
[PlyCount "83"]
[EventDate "1998.06.01"]

1. Nf3 d5 2. c4 e6 3. d4 Nf6 4. Nc3 Be7 5. Qc2 O-O 6. cxd5 exd5 7. Bg5 c6 8. e3
Nh5 9. Bxe7 Qxe7 10. Bd3 g6 11. O-O Ng7 12. Rfe1 Bf5 13. e4 dxe4 14. Bxe4 Qc7
15. Bxf5 Nxf5 16. Ne4 Nd7 17. Qd2 Rad8 18. Rad1 Nb6 19. g4 Ne7 20. Qh6 f6 21.
Nc5 Ned5 22. Ne6 Qd7 23. Qh4 g5 24. Nxf8 Rxf8 25. Qg3 h5 26. gxh5 Nf4 27. Nh4
Nxh5 28. Qb3+ Nd5 29. Ng2 Kg7 30. Re4 Rf7 31. Rde1 Qf5 32. Re8 Qg4 33. Qd1 Qh3
34. R8e3 Nxe3 35. Rxe3 Qf5 36. Qxh5 Qb1+ 37. Re1 Qxb2 38. Ne3 Qb5 39. d5 Qd3
40. Rd1 Qe4 41. d6 Qe6 42. Qxf7+ 1-0

[Event "Maikop University"]
[Site "Maikop"]
[Date "1998.06.04"]
[Round "4"]
[White "Petrushin Alexander I"]
[Black "Totsky Leonid"]
[Result "0-1"]
[WhiteElo "2425"]
[BlackElo "2490"]
[PlyCount "82"]
[EventDate "1998.06.01"]

1. e4 e6 2. d4 d5 3. Nc3 Bb4 4. e5 c5 5. a3 Bxc3+ 6. bxc3 Qa5 7. Bd2 Qa4 8. Nf3
b6 9. Bd3 Ba6 10. dxc5 bxc5 11. O-O Ne7 12. Rb1 Nd7 13. Re1 h6 14. Bxa6 Qxa6
15. Nh4 Qa4 16. g3 Nb6 17. Ng2 Nc4 18. Nf4 O-O 19. Bc1 Rab8 20. Ra1 Qa5 21. Bd2
d4 22. Re4 Rfd8 23. Nd3 Nxd2 24. Qxd2 Nf5 25. Rd1 dxc3 26. Qc1 Rd4 27. Rde1
Rbd8 28. Kg2 Qb6 29. Rxd4 Rxd4 30. Qb1 Qc6+ 31. f3 c4 32. Nf2 Rd2 33. Qb8+ Kh7
34. Qxa7 Rxc2 35. Re4 Rd2 36. Kh3 c2 37. Ng4 Qxe4 38. fxe4 c1=Q 39. exf5 Qf1+
40. Kh4 Qxf5 41. Nf6+ Kg6 0-1

[Event "Maikop University"]
[Site "Maikop"]
[Date "1998.06.04"]
[Round "4"]
[White "Glyanets A"]
[Black "Bratchenko Alexander"]
[Result "0-1"]
[WhiteElo "2455"]
[BlackElo "2355"]
[PlyCount "66"]
[EventDate "1998.06.01"]

1. d4 Nf6 2. c4 c5 3. d5 d6 4. Nc3 g6 5. e4 Bg7 6. Bd3 O-O 7. Nge2 e6 8. O-O a6
9. a4 exd5 10. cxd5 Nbd7 11. Ng3 Rb8 12. h3 Ne8 13. Kh1 Nc7 14. f4 b5 15. Qf3
c4 16. Be2 Nc5 17. axb5 axb5 18. Be3 b4 19. Na4 Nxa4 20. Rxa4 Bd7 21. Raa1 Bb5
22. Rab1 c3 23. bxc3 bxc3 24. Bxb5 Nxb5 25. f5 Be5 26. Ne2 c2 27. Rb3 Qc7 28.
Nc1 Nd4 29. Bxd4 Bxd4 30. Qd3 Be5 31. f6 Rxb3 32. Qxb3 Rc8 33. Rf2 Qc3 0-1

[Event "Maikop University"]
[Site "Maikop"]
[Date "1998.06.04"]
[Round "4"]
[White "Savchenko Stanislav"]
[Black "Dyachkov Sergej"]
[Result "1-0"]
[WhiteElo "2595"]
[BlackElo "2510"]
[PlyCount "79"]
[EventDate "1998.06.01"]

1. Nf3 d6 2. d4 Nf6 3. c4 g6 4. Nc3 Bg7 5. e4 O-O 6. Be2 e5 7. O-O Nc6 8. d5
Ne7 9. b4 Ne8 10. c5 f5 11. a4 fxe4 12. Ng5 a5 13. cxd6 Nxd6 14. b5 e3 15. Bxe3
Nef5 16. Bd2 Nd4 17. Rc1 Bf5 18. Be3 Qd7 19. Bd3 Rac8 20. Ne2 c5 21. bxc6 bxc6
22. dxc6 Rxc6 23. Rxc6 Qxc6 24. Bxd4 exd4 25. Qb3+ Kh8 26. Bxf5 Rxf5 27. Ne6
Qe8 28. Nxg7 Kxg7 29. Nxd4 Re5 30. Nf3 Rc5 31. Re1 Qf7 32. Qb6 Qc7 33. Qb2+ Kg8
34. h4 Rf5 35. Ng5 h6 36. Qb3+ Kh8 37. Ne6 Qb7 38. Qg3 Nf7 39. Qc3+ Ne5 40.
Rxe5 1-0

[Event "Maikop University"]
[Site "Maikop"]
[Date "1998.06.04"]
[Round "4"]
[White "Dmitriev Igor"]
[Black "Prokopchuk Evgeny"]
[Result "0-1"]
[WhiteElo "2405"]
[BlackElo "2500"]
[PlyCount "116"]
[EventDate "1998.06.01"]

1. Nf3 Nf6 2. d3 g6 3. Bg5 Bg7 4. e3 c5 5. c3 d5 6. Be2 Nc6 7. O-O O-O 8. Nbd2
h6 9. Bh4 g5 10. Bg3 Nh5 11. Ne1 Nxg3 12. hxg3 f5 13. d4 Qd6 14. Nd3 c4 15. Ne1
b5 16. b3 Bd7 17. Nc2 g4 18. a4 a6 19. Qc1 e5 20. dxe5 Qxe5 21. bxc4 dxc4 22.
Rd1 Rad8 23. axb5 axb5 24. Nb1 Be6 25. Ra6 Rxd1+ 26. Qxd1 Bd5 27. Bf1 Rb8 28.
Nba3 Qe4 29. Qd2 Kh7 30. Nd4 Nxd4 31. exd4 Bc6 32. Nc2 Ra8 33. Rxa8 Bxa8 34.
Ne3 Bc6 35. Qb2 h5 36. Qa3 h4 37. gxh4 g3 38. Qc5 gxf2+ 39. Kxf2 Qf4+ 40. Ke2
Be4 41. Qe7 Bd3+ 42. Ke1 Qg3+ 43. Kd1 Bxf1 44. Nxf1 Qxc3 45. Ne3 Qxd4+ 46. Ke2
f4 47. Ng4 Qd3+ 48. Ke1 Qg3+ 49. Nf2 Qe3+ 50. Qxe3 fxe3 51. Nd1 Bd4 52. Ke2 b4
53. Nxe3 c3 54. Nc2 b3 55. Na3 Bc5 56. Kd3 Bb4 57. g3 Kg7 58. g4 Kh6 0-1

[Event "Maikop University"]
[Site "Maikop"]
[Date "1998.06.04"]
[Round "4"]
[White "Eismont Oleg"]
[Black "Rodin Mihail"]
[Result "1/2-1/2"]
[WhiteElo "2470"]
[BlackElo "2390"]
[PlyCount "63"]
[EventDate "1998.06.01"]

1. e4 e5 2. Nf3 Nc6 3. Bb5 a6 4. Bxc6 dxc6 5. Nc3 b6 6. d4 exd4 7. Nxd4 c5 8.
Nde2 Qxd1+ 9. Nxd1 Be6 10. Bf4 O-O-O 11. Ne3 Ne7 12. Rd1 Rxd1+ 13. Kxd1 f5 14.
exf5 Nxf5 15. Nxf5 Bxf5 16. Ng3 Be6 17. a3 Bd6 18. Bd2 Bd5 19. f3 Rf8 20. Re1
Kd7 21. Bc3 g6 22. Ne4 Be7 23. Be5 b5 24. Nc3 c6 25. Ne4 a5 26. Bg3 c4 27. Bf2
Bxe4 28. Rxe4 c3 29. b4 Ra8 30. Rd4+ Ke6 31. Re4+ Kd7 32. Rh4 1/2-1/2

[Event "Maikop University"]
[Site "Maikop"]
[Date "1998.06.04"]
[Round "4"]
[White "Karavaev Vladimir"]
[Black "Drozdov Igor"]
[Result "0-1"]
[WhiteElo "2380"]
[BlackElo "2440"]
[PlyCount "106"]
[EventDate "1998.06.01"]

1. e4 c6 2. c4 d5 3. exd5 cxd5 4. cxd5 Nf6 5. Bb5+ Nbd7 6. Nc3 a6 7. Qa4 Rb8 8.
Bxd7+ Qxd7 9. Qf4 Ra8 10. Nf3 Nxd5 11. Nxd5 Qxd5 12. O-O e6 13. d4 f6 14. Qg3
Kf7 15. Bd2 Bd7 16. Rac1 Bd6 17. Bf4 Be7 18. h4 Bc6 19. a3 h6 20. Qg4 g5 21.
Qh5+ Kg7 22. Bh2 Rag8 23. Rfe1 Kf8 24. Rc3 gxh4 25. Qxd5 Bxd5 26. Nxh4 Kf7 27.
Rc7 Rg4 28. Bd6 Rxh4 29. Rxe7+ Kg6 30. f4 Rg4 31. Re2 Kf5 32. Rc7 Bc6 33. d5
Bxd5 34. Rcc2 h5 35. Bb4 Rhg8 36. Be1 Rxf4 37. Rf2 Rgg4 38. Rxf4+ Kxf4 39. Bc3
e5 40. Rf2+ Kg5 41. Rd2 Bc6 42. Kh2 h4 43. Rf2 Re4 44. Bb4 f5 45. Be7+ Kg4 46.
Bb4 f4 47. Bd2 Bb5 48. Bc3 Re3 49. Bd2 Re2 50. Rxe2 Bxe2 51. Bc3 e4 52. Be5 e3
53. Bd4 h3 0-1

[Event "Maikop University"]
[Site "Maikop"]
[Date "1998.06.04"]
[Round "4"]
[White "Kobalija Mihail"]
[Black "Balashov Yuri S"]
[Result "1/2-1/2"]
[WhiteElo "2500"]
[BlackElo "2555"]
[PlyCount "23"]
[EventDate "1998.06.01"]

1. e4 c5 2. Nf3 d6 3. d4 cxd4 4. Nxd4 Nf6 5. Nc3 e6 6. Be2 Nc6 7. O-O Be7 8.
Be3 Bd7 9. f4 Nxd4 10. Qxd4 Bc6 11. Rad1 O-O 12. Bf3 1/2-1/2

[Event "Maikop University"]
[Site "Maikop"]
[Date "1998.06.04"]
[Round "4"]
[White "Kiriakov Petr"]
[Black "Notkin Maksim"]
[Result "1-0"]
[WhiteElo "2495"]
[BlackElo "2505"]
[PlyCount "97"]
[EventDate "1998.06.01"]

1. d4 Nf6 2. c4 g6 3. Nc3 d5 4. Nf3 Bg7 5. cxd5 Nxd5 6. e4 Nxc3 7. bxc3 c5 8.
Rb1 O-O 9. Be2 cxd4 10. cxd4 Qa5+ 11. Qd2 Qxd2+ 12. Bxd2 b6 13. O-O Bb7 14. d5
Ba6 15. Bxa6 Nxa6 16. Be3 Rfc8 17. Rfc1 Kf8 18. Kf1 Rxc1+ 19. Rxc1 Nb4 20. Bd2
a5 21. a3 Nd3 22. Rc6 b5 23. Ke2 Ne5 24. Rc5 b4 25. axb4 Nxf3 26. Kxf3 a4 27.
Rc2 a3 28. Ra2 Bb2 29. Be3 Ra4 30. Bc5 Bc3 31. b5 Bb4 32. Bxb4 Rxb4 33. Rxa3
Rxb5 34. Rd3 h5 35. h4 Rb2 36. g3 Ra2 37. Ke3 Rb2 38. f3 f6 39. f4 Rb4 40. e5
fxe5 41. fxe5 g5 42. hxg5 Rg4 43. Kf3 Rxg5 44. Kf4 Rg4+ 45. Kf5 Kf7 46. Ra3 Rd4
47. d6 e6+ 48. Kg5 Re4 49. Ra7+ 1-0

[Event "Maikop University"]
[Site "Maikop"]
[Date "1998.06.04"]
[Round "4"]
[White "Vorobiov Evgeny E"]
[Black "Kupreichik Viktor D"]
[Result "1/2-1/2"]
[WhiteElo "2475"]
[BlackElo "2505"]
[PlyCount "25"]
[EventDate "1998.06.01"]

1. e4 c5 2. Nf3 Nc6 3. d4 cxd4 4. Nxd4 Qb6 5. Nb3 Nf6 6. Nc3 e6 7. Bd3 Be7 8.
O-O a6 9. Kh1 d5 10. exd5 exd5 11. Bg5 Be6 12. f4 d4 13. Ne4 1/2-1/2

[Event "Maikop University"]
[Site "Maikop"]
[Date "1998.06.04"]
[Round "4"]
[White "Belozerov Andrei"]
[Black "Vlassov Nikolai"]
[Result "1/2-1/2"]
[WhiteElo "2460"]
[BlackElo "2440"]
[PlyCount "120"]
[EventDate "1998.06.01"]

1. d4 Nf6 2. c4 Nc6 3. Nf3 e6 4. a3 g6 5. Nc3 Bg7 6. e4 d5 7. e5 Ne4 8. Bd3
Nxc3 9. bxc3 dxc4 10. Bxc4 Na5 11. Bb5+ c6 12. Bd3 c5 13. Bg5 Qc7 14. h4 h6 15.
Be3 Bd7 16. O-O Bc6 17. h5 gxh5 18. Nd2 O-O-O 19. f4 f6 20. Qxh5 fxe5 21. fxe5
Bxe5 22. Rf7 Qd6 23. Ne4 Bxe4 24. Bxe4 cxd4 25. cxd4 Bxd4 26. Qxa5 Bxe3+ 27.
Kh1 Rhf8 28. Rxb7 Rd7 29. Rxd7 Kxd7 30. Qb5+ Kd8 31. Re1 Bd4 32. Qa5+ Ke7 33.
Qb4 Rf4 34. g3 Rf2 35. Bd5 Qxb4 36. Rxe6+ Kd7 37. axb4 Rf5 38. Bc4 h5 39. Re4
Be5 40. g4 hxg4 41. Rxg4 Rf2 42. Rg2 Rf4 43. Rd2+ Bd6 44. Ba6 Rxb4 45. Kg2 Rg4+
46. Kf3 Rg3+ 47. Ke4 Kc6 48. Rc2+ Bc5 49. Ra2 Re3+ 50. Kf4 Kb6 51. Ra4 Rh3 52.
Ke5 Rh5+ 53. Ke6 Be3 54. Be2 Rh2 55. Ba6 Bd2 56. Ra2 Rh6+ 57. Ke5 Rh5+ 58. Ke6
Bb4 59. Kf6 Rh4 60. Kf5 Kc5 1/2-1/2

[Event "Maikop University"]
[Site "Maikop"]
[Date "1998.06.04"]
[Round "4"]
[White "Saulin Dmitri"]
[Black "Nikitin Andrey"]
[Result "1/2-1/2"]
[WhiteElo "2375"]
[BlackElo "2410"]
[PlyCount "27"]
[EventDate "1998.06.01"]

1. e4 e6 2. d4 d5 3. Nd2 c5 4. exd5 Qxd5 5. Ngf3 cxd4 6. Bc4 Qd6 7. O-O a6 8.
Nb3 Qc7 9. Qe2 Bd6 10. Nbxd4 Ne7 11. Re1 O-O 12. Ng5 Ng6 13. Ngf3 Nc6 14. c3
1/2-1/2

[Event "Maikop University"]
[Site "Maikop"]
[Date "1998.06.04"]
[Round "4"]
[White "Yakovich Yuri"]
[Black "Iskusnyh Sergei"]
[Result "1-0"]
[WhiteElo "2570"]
[BlackElo "2455"]
[PlyCount "97"]
[EventDate "1998.06.01"]

1. e4 c5 2. Nf3 Nc6 3. Bb5 g6 4. Bxc6 bxc6 5. O-O Bg7 6. Re1 Nh6 7. c3 O-O 8.
d4 cxd4 9. cxd4 d6 10. Nc3 f6 11. b3 Nf7 12. Bb2 Bd7 13. Rc1 Qb6 14. Rc2 Qb7
15. Nd2 f5 16. e5 c5 17. e6 cxd4 18. exd7 dxc3 19. Rxe7 Qb4 20. a3 Qh4 21. Re8
Raxe8 22. dxe8=Q Rxe8 23. Nf3 Qe4 24. Bxc3 Rc8 25. Re2 Rxc3 26. Rxe4 fxe4 27.
Ne1 d5 28. Qxd5 Rc1 29. Qa8+ Bf8 30. Qxe4 Bxa3 31. g3 Bc5 32. Kg2 Bb6 33. h4
Kg7 34. Nc2 Rd1 35. Qe2 Rd5 36. Nb4 Rd7 37. Qc4 Rc7 38. Qe6 Rc3 39. g4 Bc5 40.
Na6 Bb6 41. Nb4 Bc5 42. Qd5 Bb6 43. Qd1 Ne5 44. Qe1 Rc5 45. Qe4 h5 46. g5 Nf7
47. Nd5 Rc6 48. Nf4 Rd6 49. Qe8 1-0

[Event "Maikop University"]
[Site "Maikop"]
[Date "1998.06.04"]
[Round "4"]
[White "Lopushnoy Denis"]
[Black "Fominyh Alexander"]
[Result "0-1"]
[WhiteElo "2390"]
[BlackElo "2530"]
[PlyCount "70"]
[EventDate "1998.06.01"]

1. Nf3 c5 2. c4 Nc6 3. Nc3 g6 4. e3 Bg7 5. d4 d6 6. d5 Na5 7. Be2 Nf6 8. O-O
O-O 9. e4 e5 10. a3 b6 11. b4 Nb7 12. Ne1 Bd7 13. Bb2 Ne8 14. Nd3 a6 15. Qb3 b5
16. Nc1 Nc7 17. cxb5 axb5 18. Qd1 Qe8 19. Nb3 Na6 20. Na2 Rc8 21. Nd2 f5 22.
exf5 gxf5 23. Re1 Nc7 24. Nf1 Qf7 25. Nc3 Bf6 26. Ng3 e4 27. Rb1 Qg6 28. Bf1
Rce8 29. Ba1 Ra8 30. Qc1 Rfc8 31. Nge2 Be5 32. Nf4 Qg7 33. Nce2 cxb4 34. Bxe5
dxe5 35. Nh3 bxa3 0-1

[Event "Maikop University"]
[Site "Maikop"]
[Date "1998.06.04"]
[Round "4"]
[White "Makarov Marat"]
[Black "Zaitsev Vadim"]
[Result "1-0"]
[WhiteElo "2540"]
[BlackElo "2425"]
[PlyCount "101"]
[EventDate "1998.06.01"]

1. Nf3 Nf6 2. c4 g6 3. g3 Bg7 4. Bg2 O-O 5. O-O d6 6. d4 Nbd7 7. Qc2 e5 8. Rd1
Re8 9. e4 exd4 10. Nxd4 Nc5 11. Nc3 a5 12. Ndb5 Bg4 13. f3 Be6 14. b3 a4 15.
Rb1 axb3 16. axb3 Qe7 17. Be3 Rad8 18. Qd2 Na6 19. Bg5 Qf8 20. Nd5 Bxd5 21.
cxd5 Rd7 22. Bh3 Rdd8 23. Rbc1 h6 24. Bxf6 Bxf6 25. Nxc7 Bg5 26. f4 Nxc7 27.
Rxc7 Bf6 28. Qd3 Re7 29. Rdc1 Qe8 30. Kg2 Rxc7 31. Rxc7 Ra8 32. Kf3 b5 33. Qc2
b4 34. Qc6 Bd4 35. Qxe8+ Rxe8 36. Bd7 Ra8 37. Ba4 Ra5 38. Rb7 Rc5 39. Be8 Rc3+
40. Kg4 Bg1 41. Bxf7+ Kf8 42. Bxg6 Bxh2 43. e5 dxe5 44. d6 Rxg3+ 45. Kf5 exf4
46. Kf6 Rxg6+ 47. Kxg6 Ke8 48. Kf5 f3 49. Ke6 Bxd6 50. Kxd6 f2 51. Ke6 1-0

[Event "Maikop University"]
[Site "Maikop"]
[Date "1998.06.04"]
[Round "4"]
[White "Nevostrujev Vladimir"]
[Black "Sherbakov Ruslan"]
[Result "1-0"]
[WhiteElo "2410"]
[BlackElo "2555"]
[PlyCount "89"]
[EventDate "1998.06.01"]

1. e4 c5 2. Nf3 Nc6 3. d4 cxd4 4. Nxd4 Nf6 5. Nc3 d6 6. g3 g6 7. Bg2 Nxd4 8.
Qxd4 Bg7 9. O-O O-O 10. Qb4 a5 11. Qb3 Be6 12. Qxb7 Bc4 13. e5 Bxf1 14. Qxa8
Qxa8 15. Bxa8 dxe5 16. Kxf1 Rxa8 17. a4 e6 18. Ra3 Rc8 19. Rb3 Nd5 20. Nxd5
exd5 21. Ke1 f5 22. Kd1 Rc4 23. Rb8+ Kf7 24. Rb7+ Kg8 25. b3 Rd4+ 26. Ke2 Re4+
27. Kf1 Rd4 28. Rb8+ Kf7 29. Rb7+ Kg8 30. Be3 Rd1+ 31. Ke2 Ra1 32. Bd2 Ra2 33.
Rb8+ Kf7 34. Rb7+ Kg8 35. Rc7 d4 36. Bxa5 e4 37. Bb6 d3+ 38. Kd1 Ra1+ 39. Kd2
Rb1 40. a5 dxc2 41. Rxg7+ Kxg7 42. Kxc2 Re1 43. a6 Kf7 44. b4 e3 45. fxe3 1-0

[Event "Maikop University"]
[Site "Maikop"]
[Date "1998.06.04"]
[Round "4"]
[White "Shovunov Baatr"]
[Black "Gutov Andrey"]
[Result "1-0"]
[WhiteElo "2475"]
[BlackElo "2250"]
[PlyCount "51"]
[EventDate "1998.06.01"]

1. e4 c6 2. d4 d5 3. Nd2 dxe4 4. Nxe4 Nd7 5. Nf3 Ngf6 6. Ng3 e6 7. Bd3 c5 8.
O-O cxd4 9. Nxd4 Bc5 10. Nf3 O-O 11. b3 Qc7 12. Bb2 b6 13. Ng5 Bb7 14. Bxf6
Nxf6 15. Nh5 Be7 16. Nxf6+ Bxf6 17. Bxh7+ Kh8 18. Ne4 Bxa1 19. Qh5 Qf4 20. Ng5
g6 21. Bxg6+ Kg7 22. Bxf7 Kf6 23. Qg6+ Ke5 24. Qxe6+ Kd4 25. Qc4+ Ke5 26. Re1+
1-0

[Event "Maikop University"]
[Site "Maikop"]
[Date "1998.06.04"]
[Round "4"]
[White "Arkhipov Sergey"]
[Black "Erendzenov Stanislav"]
[Result "1-0"]
[WhiteElo "2355"]
[BlackElo "2370"]
[PlyCount "153"]
[EventDate "1998.06.01"]

1. d4 d5 2. c4 c6 3. Nf3 Nf6 4. Nc3 e6 5. Bg5 Nbd7 6. e3 Qa5 7. Nd2 dxc4 8.
Bxf6 Nxf6 9. Nxc4 Qc7 10. Be2 Be7 11. O-O O-O 12. Rc1 Rd8 13. Qc2 Bd7 14. a3 c5
15. dxc5 Qxc5 16. b4 Qc7 17. Qb2 Rac8 18. Na5 Qb8 19. Rfd1 b6 20. Nb3 Bc6 21.
Ba6 Rxd1+ 22. Nxd1 Bb7 23. Rxc8+ Qxc8 24. Bxb7 Qxb7 25. Nc3 Qd7 26. Qd2 Kf8 27.
Qe2 Bd6 28. g3 Be5 29. Nb5 Qd5 30. N5d4 Bxd4 31. Nxd4 e5 32. Nb5 Qc6 33. Qd3 a6
34. Nc3 b5 35. Qd8+ Ne8 36. Nd5 Qd6 37. Qa8 f6 38. e4 Kf7 39. Qb7+ Kf8 40. Kg2
Qe6 41. Nb6 h5 42. Nd7+ Kg8 43. Nc5 Qf7 44. Qxa6 Nc7 45. Qc8+ Kh7 46. Qb7 h4
47. Qc8 hxg3 48. hxg3 Qe7 49. Kf3 Qd6 50. Qd7 Qxd7 51. Nxd7 Ne6 52. Ke3 Kg6 53.
f4 exf4+ 54. gxf4 Kf7 55. f5 Ng5 56. Nb6 Ke8 57. Nc8 Nf7 58. Nb6 Ke7 59. Kd4
Kd6 60. a4 bxa4 61. Nxa4 Ne5 62. Nc3 g6 63. fxg6 Nxg6 64. Nd5 Ne5 65. b5 Nd7
66. Nxf6 Nf8 67. e5+ Kc7 68. Nd5+ Kd7 69. Nf4 Nh7 70. Kc5 Ng5 71. e6+ Kc7 72.
Nd5+ Kb7 73. e7 Ne4+ 74. Kd4 Nd6 75. Ke5 Ne8 76. Ke6 Kc8 77. b6 1-0

[Event "Maikop University"]
[Site "Maikop"]
[Date "1998.06.05"]
[Round "5"]
[White "Shipov Sergei"]
[Black "Yakovich Yuri"]
[Result "1/2-1/2"]
[WhiteElo "2620"]
[BlackElo "2570"]
[PlyCount "67"]
[EventDate "1998.06.01"]

1. d4 d5 2. Nf3 Nf6 3. c4 dxc4 4. e3 e6 5. Bxc4 c5 6. Qe2 Nc6 7. O-O cxd4 8.
exd4 Be7 9. Rd1 O-O 10. a3 Nd5 11. Nc3 Nxc3 12. bxc3 Bf6 13. Bd3 Bd7 14. Qe4 g6
15. Bh6 Bg7 16. Qf4 Rc8 17. Be4 Bxh6 18. Qxh6 Qf6 19. h4 Rc7 20. h5 Rfc8 21.
Rd3 Be8 22. Re1 Ne7 23. Ne5 Qg7 24. Qd2 f6 25. hxg6 hxg6 26. Ng4 f5 27. Nh6+
Kf8 28. Rf3 g5 29. Bxb7 Rxb7 30. Rxe6 Bf7 31. Nxf5 Nxf5 32. Rxf5 Rb1+ 33. Re1
Rcb8 34. Rfe5 1/2-1/2

[Event "Maikop University"]
[Site "Maikop"]
[Date "1998.06.05"]
[Round "5"]
[White "Fominyh Alexander"]
[Black "Kobalija Mihail"]
[Result "1/2-1/2"]
[WhiteElo "2530"]
[BlackElo "2500"]
[PlyCount "75"]
[EventDate "1998.06.01"]

1. d4 d5 2. c4 c6 3. Nf3 Nf6 4. Qc2 e6 5. Bg5 Nbd7 6. Nbd2 h6 7. Bh4 Bd6 8. e3
O-O 9. Be2 e5 10. cxd5 cxd5 11. Bg3 Qe7 12. dxe5 Nxe5 13. Nxe5 Bxe5 14. Bxe5
Qxe5 15. Nf3 Qe7 16. Nd4 Bg4 17. Bd3 Rfc8 18. Qb3 Ne4 19. h3 Bd7 20. Rd1 Qg5
21. g3 Rc7 22. Be2 Rac8 23. Bf3 Re8 24. h4 Qe5 25. O-O Bh3 26. Bg2 Bg4 27. f3
Nc5 28. Qa3 Bd7 29. Kf2 Qf6 30. Kg1 Qe5 31. Kh2 Qxe3 32. Qxa7 Nd3 33. Qa3 Qxd4
34. Rxd3 Qb6 35. Rc3 Rxc3 36. bxc3 Re2 37. Qa8+ Kh7 38. Qb8 1/2-1/2

[Event "Maikop University"]
[Site "Maikop"]
[Date "1998.06.05"]
[Round "5"]
[White "Notkin Maksim"]
[Black "Makarov Marat"]
[Result "1/2-1/2"]
[WhiteElo "2505"]
[BlackElo "2540"]
[PlyCount "58"]
[EventDate "1998.06.01"]

1. d4 d5 2. c4 dxc4 3. e4 e5 4. Nf3 exd4 5. Bxc4 Nc6 6. O-O Be6 7. Bxe6 fxe6 8.
Qb3 Qd7 9. Qxb7 Rb8 10. Qa6 Nf6 11. Qd3 Bd6 12. Nbd2 O-O 13. h3 e5 14. Nc4 Kh8
15. Bd2 Qe6 16. Rac1 Bb4 17. a3 Bxd2 18. Ncxd2 Rxb2 19. Qc4 Nd8 20. Qxc7 Nf7
21. Qxa7 h6 22. Rc7 Nh5 23. Qc5 Rbb8 24. Nxd4 exd4 25. Qxh5 Ng5 26. Rc5 Qa2 27.
Rxg5 Qxd2 28. Rg4 d3 29. Qe5 Rb7 1/2-1/2

[Event "Maikop University"]
[Site "Maikop"]
[Date "1998.06.05"]
[Round "5"]
[White "Vlassov Nikolai"]
[Black "Shovunov Baatr"]
[Result "1-0"]
[WhiteElo "2440"]
[BlackElo "2475"]
[PlyCount "48"]
[EventDate "1998.06.01"]

1. e4 c6 2. d4 d5 3. e5 Bf5 4. Nc3 e6 5. g4 Bg6 6. Nge2 f6 7. Nf4 fxe5 8. Nxe6
Qe7 9. Nxf8 Kxf8 10. dxe5 Nd7 11. Bg2 Qxe5+ 12. Be3 h5 13. g5 Ne7 14. Qd2 Nb6
15. O-O-O Nc4 16. Qd4 Qxd4 17. Bxd4 b6 18. Rhe1 Nf5 19. Re6 Nxd4 20. Rxd4 Be8
21. Rf4+ Kg8 22. Nxd5 cxd5 23. Bxd5 Bf7 24. g6 Bxg6 1-0

[Event "Maikop University"]
[Site "Maikop"]
[Date "1998.06.05"]
[Round "5"]
[White "Kozak Alexander"]
[Black "Gagarin Vasilij"]
[Result "1/2-1/2"]
[WhiteElo "2365"]
[BlackElo "2415"]
[PlyCount "83"]
[EventDate "1998.06.01"]

1. e4 c5 2. c3 d5 3. exd5 Qxd5 4. d4 Nf6 5. Nf3 e6 6. Be2 cxd4 7. cxd4 Nc6 8.
O-O Be7 9. Nc3 Qd6 10. Nb5 Qd8 11. Bf4 Nd5 12. Bg3 a6 13. Nc3 O-O 14. Rc1 Nf6
15. a3 b6 16. Bc4 Bb7 17. Ba2 b5 18. b4 Qb6 19. Qd3 Rfd8 20. Rfd1 Rd7 21. Qe3
Bf8 22. Bh4 Nd5 23. Nxd5 exd5 24. Qf4 g6 25. Bf6 a5 26. Bb1 axb4 27. axb4 Nxb4
28. Ne5 Rd6 29. Be7 f6 30. Bxd6 Qxd6 31. Nd3 Nxd3 32. Qxd6 Bxd6 33. Bxd3 b4 34.
Bb5 Rb8 35. Bc6 Kf7 36. Bxb7 Rxb7 37. Re1 b3 38. Rb1 b2 39. g3 Ba3 40. Kg2 Rc7
41. Re2 Rc1 42. Rexb2 1/2-1/2

[Event "Maikop University"]
[Site "Maikop"]
[Date "1998.06.05"]
[Round "5"]
[White "Balashov Yuri S"]
[Black "Tunik Gennady"]
[Result "1-0"]
[WhiteElo "2555"]
[BlackElo "2470"]
[PlyCount "101"]
[EventDate "1998.06.01"]

1. e4 c5 2. Nf3 e6 3. b3 a6 4. Qe2 Nc6 5. Bb2 d6 6. g3 Nf6 7. Bg2 Be7 8. O-O
O-O 9. c3 d5 10. e5 Nd7 11. d4 cxd4 12. cxd4 b5 13. Nc3 Nb6 14. Rac1 Bd7 15.
Qd2 Nb4 16. Rfd1 Rc8 17. h4 Kh8 18. h5 h6 19. a3 Nc6 20. Ne2 a5 21. Nf4 a4 22.
b4 Nc4 23. Qe2 Nb8 24. Ne1 Bg5 25. Ned3 Bc6 26. Rc3 Nd7 27. Bc1 Re8 28. Ne1 Nf8
29. Nfd3 Bxc1 30. Rdxc1 Nh7 31. f4 Re7 32. Nc5 Be8 33. Nf3 Rc6 34. Nh4 Rec7 35.
Re1 Nf8 36. Qf2 Nd7 37. g4 Nxc5 38. dxc5 f6 39. Nf3 fxe5 40. Nxe5 Nxe5 41. Rxe5
Rf7 42. Qe3 Rc8 43. Qd4 Bd7 44. g5 hxg5 45. fxg5 Qf8 46. h6 Kg8 47. c6 Rxc6 48.
Rxc6 Bxc6 49. Rxe6 Bb7 50. g6 Re7 51. Qe5 1-0

[Event "Maikop University"]
[Site "Maikop"]
[Date "1998.06.05"]
[Round "5"]
[White "Kupreichik Viktor D"]
[Black "Dmitriev Igor"]
[Result "1-0"]
[WhiteElo "2505"]
[BlackElo "2405"]
[PlyCount "105"]
[EventDate "1998.06.01"]

1. e4 d6 2. d4 a6 3. Be3 Nf6 4. f3 Nbd7 5. a4 e5 6. Bc4 exd4 7. Bxd4 Be7 8. Ne2
O-O 9. O-O Ne5 10. Ba2 Bd7 11. a5 Bb5 12. Nbc3 c5 13. Bf2 Nc6 14. Nd5 Nxd5 15.
Bxd5 Nxa5 16. Re1 Bf6 17. c3 Be5 18. g3 Qc7 19. f4 Bf6 20. g4 g6 21. g5 Bg7 22.
Ng3 Nc4 23. f5 Be5 24. Qg4 Nb6 25. f6 Rfc8 26. Nf5 Nxd5 27. Nh6+ Kh8 28. exd5
Rf8 29. Qh4 Bd7 30. Re4 Rae8 31. Rae1 Qc8 32. Bg3 Bxg3 33. hxg3 Rxe4 34. Rxe4
c4 35. Rxc4 Qd8 36. b4 a5 37. bxa5 Qxa5 38. Qe4 Re8 39. Nxf7+ Kg8 40. Nh6+ Kf8
41. Qg2 Re1+ 42. Kh2 Re5 43. Re4 Rxg5 44. g4 Re5 45. Rxe5 dxe5 46. Qb2 b6 47.
Qb4+ Qxb4 48. cxb4 g5 49. Kg3 Be8 50. Kf3 Bg6 51. Ke3 Ke8 52. d6 b5 53. Kf3 1-0

[Event "Maikop University"]
[Site "Maikop"]
[Date "1998.06.05"]
[Round "5"]
[White "Rodin Mihail"]
[Black "Belozerov Andrei"]
[Result "1-0"]
[WhiteElo "2390"]
[BlackElo "2460"]
[PlyCount "69"]
[EventDate "1998.06.01"]

1. e4 c5 2. Nf3 e6 3. d4 cxd4 4. Nxd4 Nc6 5. Nb5 d6 6. Bf4 e5 7. Be3 a6 8. N5c3
Nf6 9. Bc4 Be7 10. Nd5 Nxd5 11. Bxd5 O-O 12. O-O Be6 13. Na3 Rc8 14. c3 b5 15.
Nc2 Na5 16. b3 Rxc3 17. Nb4 Rxe3 18. fxe3 Qb6 19. Qd2 Bg5 20. Rfe1 Nb7 21. Nc6
a5 22. a3 Bxd5 23. Qxd5 Bxe3+ 24. Kh1 Bg5 25. b4 a4 26. Rf1 g6 27. Rf3 Kg7 28.
Raf1 f6 29. g3 Rf7 30. h4 Be3 31. Kh2 h5 32. Qxf7+ Kxf7 33. Rxf6+ Ke8 34. Rf8+
Kd7 35. R1f7+ 1-0